000
00334nam a2200157Ia 4500
100
_a
Mehta N.V.
650
_a
General
942
_c
BK
654
_a
Income Tax
245
_a
Income Tax Ready Reckoner 200-1-02
260
_b
Shrikuber Pub House
082
_a
336.24
_b
MEH
300
_a
336
546
_a
ENGLISH
999
_c
20912
_d
20912